Состояние здоровья населения в местах компактного проживания коренных малочисленных народов Севера Якутии (Запись № 1593574)

Подробности
000 -МАРКЕР
контрольное поле 02552nam0a2200469 4500
001 - ИДЕНТИФИКАТОР ЗАПИСИ
контрольное поле RU\NLR\bibl\1772794
005 - ИДЕНТИФИКАТОР ВЕРСИИ
контрольное поле 20260405234746.0
010 ## - МЕЖДУНАРОДНЫЙ СТАНДАРТНЫЙ НОМЕР КНИГИ (ISBN)
Номер (ISBN) 978-5-91441-030-5
Тираж 300
021 ## - НОМЕР ГОСУДАРСТВЕННОЙ РЕГИСТРАЦИИ
Код страны российская федерация
Номер 2011-32723
Номер Листа государственной регистраци 2334
035 ## - ДРУГИЕ СИСТЕМНЫЕ НОМЕРА
Идентификатор записи (nilc)RSL-KNO-004938536
035 ## - ДРУГИЕ СИСТЕМНЫЕ НОМЕРА
Идентификатор записи LIBNET\0000076406
035 ## - ДРУГИЕ СИСТЕМНЫЕ НОМЕРА
Идентификатор записи (LIBNET)LIBNET\0000118271
035 ## - ДРУГИЕ СИСТЕМНЫЕ НОМЕРА
Идентификатор записи (NLR Aleph) 001763573
100 ## - ДАННЫЕ ОБЩЕЙ ОБРАБОТКИ
Данные общей обработки 20110411d2010 |||y0rusy50 ca
101 0# - ЯЗЫК РЕСУРСА
Язык текста, звукозаписи и т.д. русский
Язык резюме английский
102 ## - СТРАНА ПУБЛИКАЦИИ ИЛИ ПРОИЗВОДСТВА
Страна публикации российская федерация
105 ## - ПОЛЕ КОДИРОВАННЫХ ДАННЫХ: ТЕКСТОВЫЕ МАТЕРИАЛЫ, МОНОГРАФИЧЕСКИЕ
Кодированные данные о монографическом текстовом документе a |||||||||
200 1# - ЗАГЛАВИЕ И СВЕДЕНИЯ ОБ ОТВЕТСТВЕННОСТИ
Основное заглавие Состояние здоровья населения в местах компактного проживания коренных малочисленных народов Севера Якутии
Параллельное заглавие The health status of people living in areas of compact residing of small in numbers people of the North of Yakutia
Первые сведения об ответственности Т.Е. Бурцева, Т.Е. Уварова
Последующие сведения об ответственности под ред. проф. М.И. Томского
-- Рос. акад. мед. наук, Сиб. отд-ние, Якут. науч. центр комплек. мед. пробл.
Язык параллельного заглавия английский
210 ## - ПУБЛИКАЦИЯ, РАСПРОСТРАНЕНИЕ И ДР.
Место издания, распространения и т.д. Якутск
Имя издателя, распространителя и т. д. ООО "Компания "Дани Алмас"
Дата издания, распространения и т.д. 2010
215 ## - ФИЗИЧЕСКАЯ ХАРАКТЕРИСТИКА
Специфическое обозначение материала и объем 175, [1] с.
Другие сведения о физической характеристике цв. ил., карт.
Размеры 20
300 ## - ОБЩИЕ ПРИМЕЧАНИЯ
Текст примечания Авт. также на англ. яз.: T.E. Burtseva, T.E. Uvarova
300 ## - ОБЩИЕ ПРИМЕЧАНИЯ
Текст примечания Рез. на англ. яз.
320 ## - ПРИМЕЧАНИЯ О НАЛИЧИИ В ДОКУМЕНТЕ БИБЛИОГРАФИИ / УКАЗАТЕЛЯ
Текст примечания Библиогр.: с. 160-176 (210 назв.)
510 0# - ПАРАЛЛЕЛЬНОЕ ЗАГЛАВИЕ
Связь между полями z77790
Параллельное заглавие The health status of people living in areas of compact residing of small in numbers people of the North of Yakutia
Язык заглавия английский
606 1# - НАИМЕНОВАНИЕ ТЕМЫ КАК ПРЕДМЕТ
Наименование темы Здоровье
Географический подзаголовок Саха (Якутия), Республика
Системный номер авторитетной/нормативной записи 2180020
Идентификатор авторитетной/нормативной записи RU\NLR\auth\661311024
686 ## - ИНДЕКСЫ ДРУГИХ КЛАССИФИКАЦИЙ
Индекс Р11(2)027Народы Севера Якутии,0
Код системы
686 ## - ИНДЕКСЫ ДРУГИХ КЛАССИФИКАЦИЙ
Индекс Р11(2)09(2Р54-6Я)
700 #1 - ИМЯ ЛИЦА - ПЕРВИЧНАЯ ОТВЕТСТВЕННОСТЬ
Код отношения Автор
Материалы, к которым относится поле rus
Графика поля Кириллица
Начальный элемент ввода Бурцева
Часть имени, кроме начального элемента ввода Т. Е.
Расширение инициалов личного имени Татьяна Егоровна
Идентификатор авторитетной/нормативной записи RU\NLR\auth\77108391
Системный номер авторитетной/нормативной записи 91316
701 #1 - ИМЯ ЛИЦА - АЛЬТЕРНАТИВНАЯ ОТВЕТСТВЕННОСТЬ
Код отношения Автор
Материалы, к которым относится поле rus
Графика поля Кириллица
Начальный элемент ввода Уварова
Часть имени, кроме начального элемента ввода Т. Е.
Расширение инициалов личного имени Татьяна Егоровна
Идентификатор авторитетной/нормативной записи RU\NLR\auth\77108393
Системный номер авторитетной/нормативной записи 91318
790 #1 - ИМЯ ЛИЦА - АЛЬТЕРНАТИВНАЯ ФОРМА
Код отношения Автор
Материалы, к которым относится поле rus
Графика поля Латинская
Начальный элемент ввода Burceva
Часть имени, кроме начального элемента ввода T. E.
Расширение инициалов личного имени Tat'jana Egorovna
Идентификатор авторитетной/нормативной записи RU\NLR\auth\77108392
Системный номер авторитетной/нормативной записи 91317
790 #1 - ИМЯ ЛИЦА - АЛЬТЕРНАТИВНАЯ ФОРМА
Код отношения Автор
Материалы, к которым относится поле rus
Графика поля Латинская
Начальный элемент ввода Uvarova
Часть имени, кроме начального элемента ввода T. E.
Расширение инициалов личного имени Tat'jana Egorovna
Идентификатор авторитетной/нормативной записи RU\NLR\auth\77108394
Системный номер авторитетной/нормативной записи 91319
801 #0 - ИСТОЧНИК ЗАПИСИ
Страна российская федерация
Организация Агентство CIP НБР Саха
Дата составления 20110411
Правила каталогизации rcr
801 #1 - ИСТОЧНИК ЗАПИСИ
Страна российская федерация
Организация Агентство CIP НБР Саха
Дата составления 20110411
801 #2 - ИСТОЧНИК ЗАПИСИ
Страна российская федерация
Организация НБР Саха
Дата составления 20110525
Правила каталогизации rcr
801 #1 - ИСТОЧНИК ЗАПИСИ
Страна российская федерация
Организация РГБ
Дата составления 20110411
801 #2 - ИСТОЧНИК ЗАПИСИ
Страна российская федерация
Организация NLR
Дата составления 20110524
Правила каталогизации rcr
830 ## - ОБЩЕЕ ПРИМЕЧАНИЕ, СОСТАВЛЕННОЕ КАТАЛОГИЗАТОРОМ
Текст примечания авт. по кн.
942 ## - ДОПОЛНИТЕЛЬНЫЕ ЭЛЕМЕНТЫ ЗАПИСИ (АБИС)
Тип экземпляра АБИС Книга
980 ## - КОЛЛЕКЦИЯ
Название коллекции Национальная библиография
980 ## - КОЛЛЕКЦИЯ
Название коллекции НБР
Экземпляры
Тип экземпляра Дата поступления Источник поступления Библиотека постоянного хранения Библиотека текущего хранения Место хранения Шифр хранения Штрих-код Статус не для выдачи
Книга 24.05.2011 Обязательный экземпляр РНБ (Московский) РНБ (Московский) Русский книжный фонд: издания с 1957 года, 8этаж 2011-3/16900 3423413  
Книга 22.11.2011 Обязательный экземпляр РНБ (Московский) РНБ (Московский) Русский книжный фонд: издания с 1957 года, 8этаж 2011-3/16900 3539498